[Event "HUN-chT2 Erkel 1718"]
[Site "Hungary"]
[Date "2018.03.25"]
[Round "10.11"]
[White "Palczert, Botond"]
[Black "Szaraz, Szabolcs"]
[Result "1-0"]
[WhiteElo "1784"]
[BlackElo "1622"]
[PlyCount "85"]
[EventDate "2017.09.24"]
[EventType "team-tourn"]
[EventRounds "11"]
[EventCountry "HUN"]
[SourceTitle "EXT 2021"]
[Source "ChessBase"]
[SourceDate "2020.10.23"]
[SourceVersion "1"]
[SourceVersionDate "2020.10.23"]
[SourceQuality "1"]
[WhiteTeam "Budapest EAC"]
[BlackTeam "Jaszbereny"]
[WhiteTeamCountry "HUN"]
[BlackTeamCountry "HUN"]

1. e4 e6 2. d4 d5 3. Nc3 Bb4 4. e5 c5 5. a3 Bxc3+ 6. bxc3 cxd4 7. cxd4 Qc7 8. Ne2 Bd7 9. f4 Ne7 10. Qd2 Nbc6 11. Ng3 Nf5 12. Nxf5 exf5 13. Be2 Rc8 14. 0-0 Na5 15. Bd3 Nc4 16. Qb4 Qb6 17. Qxb6 Nxb6 18. Rb1 Rc7 19. Bd2 Rc6 20. Ba5 Rg6 21. Bxb6 axb6 22. Bb5 Bc6 23. Rf3 Kd7 24. Bd3 Ke6 25. Rxb6 Rc8 26. Rh3 Rh6 27. Rxh6+ gxh6 28. Bb5 Rc7 29. Kf2 Kd7 30. Bd3 Ke6 31. Ke3 f6 32. Bb5 Ke7 33. Bxc6 bxc6 34. a4 fxe5 35. fxe5 Kd7 36. a5 Ra7 37. a6 Kc7 38. Rb7+ Rxb7 39. axb7 Kxb7 40. Kf4 Kc7 41. Kxf5 Kd7 42. Kf6 Ke8 43. Ke6 1-0

[Event "HUN-chT2 Erkel 1718"]
[Site "Hungary"]
[Date "2018.03.04"]
[Round "9.11"]
[White "Szaraz, Szabolcs"]
[Black "Rinyu, Janos"]
[Result "1/2-1/2"]
[WhiteElo "1622"]
[BlackElo "1832"]
[PlyCount "74"]
[EventDate "2017.09.24"]
[EventType "team-tourn"]
[EventRounds "11"]
[EventCountry "HUN"]
[SourceTitle "EXT 2021"]
[Source "ChessBase"]
[SourceDate "2020.10.23"]
[SourceVersion "1"]
[SourceVersionDate "2020.10.23"]
[SourceQuality "1"]
[WhiteTeam "Jaszbereny"]
[BlackTeam "Fot"]
[WhiteTeamCountry "HUN"]
[BlackTeamCountry "HUN"]

1. e4 b6 2. d4 Bb7 3. Nc3 e6 4. Bd3 d6 5. Be3 Nd7 6. Nf3 g6 7. Qd2 Bg7 8. 0-0-0 Ne7 9. Bh6 Bxh6 10. Qxh6 Ng8 11. Qe3 a6 12. h4 Ngf6 13. Nh2 h5 14. f3 Qe7 15. Qg5 Ng8 16. Qxe7+ Nxe7 17. Nf1 0-0-0 18. Ne3 e5 19. Bc4 exd4 20. Rxd4 Ne5 21. Bb3 b5 22. a3 c5 23. Rd2 c4 24. Ba2 f5 25. Rhd1 Nf7 26. b3 f4 27. Ncd5 Nxd5 28. Nxd5 Bxd5 29. Rxd5 cxb3 30. Bxb3 Kc7 31. a4 bxa4 32. Bxa4 Rb8 33. Bb3 Rb6 34. Ra5 Ne5 35. Bd5 Rhb8 36. Kd2 Nc6 37. Ra2 Nb4 1/2-1/2

[Event "Eger Agria op 41th"]
[Site "Eger"]
[Date "2017.07.19"]
[Round "4"]
[White "Szaraz, Szabolcs"]
[Black "Ivady, Mihaly"]
[Result "1-0"]
[WhiteElo "1559"]
[BlackElo "1756"]
[PlyCount "125"]
[EventDate "2017.07.17"]
[EventType "swiss"]
[EventRounds "9"]
[EventCountry "HUN"]
[SourceTitle "EXT 2020"]
[Source "ChessBase"]
[SourceDate "2019.10.17"]
[SourceVersion "1"]
[SourceVersionDate "2019.10.17"]
[SourceQuality "1"]

1. e4 c5 2. Nf3 Nc6 3. d4 cxd4 4. Nxd4 g6 5. c4 Bg7 6. Nc2 d6 7. Be2 e5 8. Nc3 Nge7 9. 0-0 0-0 10. Ne3 f5 11. exf5 Bxf5 12. Bg4 Nd4 13. Bxf5 Nexf5 14. Ncd5 Nh6 15. Ng4 Nhf5 16. Nge3 Rf7 17. Nxf5 Rxf5 18. Be3 Rc8 19. b3 Qd7 20. Qd2 Rcf8 21. Rae1 Ne6 22. Bxa7 Nf4 23. Nxf4 Rxf4 24. Bc5 Rd8 25. Rd1 Rf6 26. Rfe1 Qc7 27. Qd5+ Rf7 28. Re2 Qc6 29. Qxc6 bxc6 30. Rxd6 Rxd6 31. Bxd6 Ra7 32. g3 Kf7 33. Kg2 h5 34. a4 Ra5 35. Bc7 Ra7 36. Bxe5 Re7 37. f4 g5 38. Kf3 g4+ 39. Kf2 Bf8 40. Rd2 Rb7 41. Rd3 Bc5+ 42. Kg2 Ke6 43. Bb2 Kf5 44. Kf1 Ke4 45. Ke2 Bg1 46. a5 Bxh2 47. a6 Ra7 48. Re3+ Kf5 49. Re5+ Kg6 50. Re6+ Kf7 51. Rf6+ Ke7 52. Rxc6 Bxg3 53. Bd4 Ra8 54. a7 Bxf4 55. Rg6 g3 56. b4 h4 57. Rg4 Bd6 58. c5 Bc7 59. c6 h3 60. Rh4 h2 61. Kf3 Kd6 62. Rh6+ Kd5 63. Bc5 1-0

[Event "Eger Agria op 41th"]
[Site "Eger"]
[Date "2017.07.18"]
[Round "3"]
[White "Pasti, Zsombor"]
[Black "Szaraz, Szabolcs"]
[Result "0-1"]
[WhiteElo "1181"]
[BlackElo "1559"]
[PlyCount "70"]
[EventDate "2017.07.17"]
[EventType "swiss"]
[EventRounds "9"]
[EventCountry "HUN"]
[SourceTitle "EXT 2020"]
[Source "ChessBase"]
[SourceDate "2019.10.17"]
[SourceVersion "1"]
[SourceVersionDate "2019.10.17"]
[SourceQuality "1"]

1. e4 e6 2. Nc3 d5 3. d4 Bb4 4. Bd2 Bxc3 5. Bxc3 dxe4 6. Qg4 Qf6 7. 0-0-0 Qg6 8. Qf4 Qh6 9. Qxh6 Nxh6 10. d5 Ng4 11. Rd2 exd5 12. h3 Nf6 13. f3 Bf5 14. g4 Bg6 15. g5 Nh5 16. Rxd5 0-0 17. Be2 Ng3 18. Rh2 Nxe2+ 19. Rxe2 Bh5 20. Bb4 Re8 21. Red2 Nc6 22. f4 Nxb4 23. Re5 Rxe5 24. fxe5 h6 25. gxh6 gxh6 26. Rg2+ Kf8 27. a3 Nc6 28. Kd2 Nxe5 29. Ke3 Re8 30. b3 Nf3 31. c4 f5 32. Ne2 Ne1 33. Rf2 Nc2+ 34. Kf4 Re7 35. Kxf5 Rf7+ 0-1

[Event "HUN-chT2 Erkel 1617"]
[Site "Hungary"]
[Date "2017.02.26"]
[Round "9.11"]
[White "Rinyu, Janos"]
[Black "Szaraz, Szabolcs"]
[Result "1-0"]
[WhiteElo "1803"]
[BlackElo "1548"]
[PlyCount "70"]
[EventDate "2016.09.25"]
[EventType "team-tourn"]
[EventRounds "11"]
[EventCountry "HUN"]
[SourceTitle "EXT 2021"]
[Source "ChessBase"]
[SourceDate "2020.10.23"]
[SourceVersion "1"]
[SourceVersionDate "2020.10.23"]
[SourceQuality "1"]
[WhiteTeam "Fot"]
[BlackTeam "Jaszbereny"]
[WhiteTeamCountry "HUN"]
[BlackTeamCountry "HUN"]

1. d4 Nf6 2. Bg5 Ne4 3. Bf4 d6 4. f3 Nf6 5. e4 g6 6. Qd2 Bg7 7. Nc3 0-0 8. 0-0-0 Re8 9. g4 Nc6 10. Bb5 a6 11. Bxc6 bxc6 12. h4 Bd7 13. h5 e5 14. dxe5 dxe5 15. Bh6 Be6 16. Qg5 Qe7 17. Bxg7 Kxg7 18. Qxe5 Kg8 19. hxg6 fxg6 20. Nge2 Qf7 21. Qh2 Rab8 22. e5 Nd7 23. Ne4 Qe7 24. Rxd7 Bxd7 25. Nf6+ Kf8 26. Qh6+ Qg7 27. Nxd7+ Kf7 28. Qxg7+ Kxg7 29. Nxb8 Rxb8 30. Nd4 Re8 31. f4 Kg8 32. Nxc6 Rf8 33. f5 gxf5 34. gxf5 Kg7 35. f6+ Rxf6 1-0

[Event "HUN-chT2 Erkel 1516"]
[Site "Hungary"]
[Date "2016.04.17"]
[Round "11.12"]
[White "Szaraz, Szabolcs"]
[Black "Nagy, Adrian"]
[Result "1/2-1/2"]
[WhiteElo "1544"]
[BlackElo "1607"]
[PlyCount "43"]
[EventDate "2015.09.13"]
[EventType "team-tourn"]
[EventRounds "11"]
[EventCountry "HUN"]
[SourceTitle "EXT 2017"]
[Source "ChessBase"]
[SourceDate "2016.10.25"]
[SourceVersion "1"]
[SourceVersionDate "2016.10.25"]
[SourceQuality "1"]
[WhiteTeam "Jaszbereny"]
[BlackTeam "GSBE"]
[WhiteTeamCountry "HUN"]
[BlackTeamCountry "HUN"]

1. e4 e6 2. d4 d5 3. Nc3 Bb4 4. exd5 exd5 5. Bd3 Ne7 6. Nge2 0-0 7. 0-0 Bg4 8. Re1 Re8 9. h3 Bf5 10. Nf4 Bxc3 11. bxc3 Bxd3 12. Nxd3 Ng6 13. Nf4 Nxf4 14. Bxf4 c6 15. Rb1 b5 16. Bc7 Qc8 17. Qd3 Nd7 18. Rxe8+ Qxe8 19. Bd6 Nb6 20. Kf1 Qe6 21. Ba3 Nc4 22. Re1 1/2-1/2

[Event "HUN-chT2 Erkel 1516"]
[Site "Hungary"]
[Date "2016.02.28"]
[Round "8.12"]
[White "Szaraz, Szabolcs"]
[Black "Klenoczky, Daniel"]
[Result "0-1"]
[WhiteElo "1549"]
[BlackElo "1643"]
[PlyCount "70"]
[EventDate "2015.09.13"]
[EventType "team-tourn"]
[EventRounds "11"]
[EventCountry "HUN"]
[SourceTitle "EXT 2017"]
[Source "ChessBase"]
[SourceDate "2016.10.25"]
[SourceVersion "1"]
[SourceVersionDate "2016.10.25"]
[SourceQuality "1"]
[WhiteTeam "Jaszbereny"]
[BlackTeam "Salgotarjan"]
[WhiteTeamCountry "HUN"]
[BlackTeamCountry "HUN"]

1. e4 e5 2. Nf3 Nc6 3. d4 exd4 4. Nxd4 Qh4 5. Nc3 Bb4 6. Ndb5 Qxe4+ 7. Be2 Bxc3+ 8. bxc3 Kd8 9. 0-0 a6 10. Bf3 Qc4 11. Be2 Qe4 12. Nd4 Nxd4 13. Qxd4 Qxd4 14. cxd4 d5 15. Ba3 Be6 16. Rab1 b6 17. Rfc1 Nf6 18. f3 Re8 19. c4 dxc4 20. Bxc4 Bxc4 21. Rxc4 Re2 22. Rb2 Rxb2 23. Bxb2 Nd5 24. Kf2 Kd7 25. Bc1 b5 26. Rc2 Nb4 27. Rd2 a5 28. Ba3 Nd5 29. Bc5 b4 30. Rc2 a4 31. Ke1 Re8+ 32. Kf2 Ne3 33. Rd2 b3 34. axb3 axb3 35. Kg3 Nf1+ 0-1

[Event "HUN-chT2 Erkel 1516"]
[Site "Hungary"]
[Date "2015.10.04"]
[Round "2.12"]
[White "Szaraz, Szabolcs"]
[Black "Korbacska, Daniel"]
[Result "1-0"]
[WhiteElo "1532"]
[BlackElo "1118"]
[PlyCount "79"]
[EventDate "2015.09.13"]
[EventType "team-tourn"]
[EventRounds "11"]
[EventCountry "HUN"]
[SourceTitle "CBM 170 Extra"]
[Source "ChessBase"]
[SourceDate "2016.02.25"]
[SourceVersion "1"]
[SourceVersionDate "2016.02.25"]
[SourceQuality "1"]
[WhiteTeam "Jaszbereny"]
[BlackTeam "Pestszentlorinc"]
[WhiteTeamCountry "HUN"]
[BlackTeamCountry "HUN"]

1. e4 c5 2. Nf3 Nc6 3. d4 cxd4 4. Nxd4 d6 5. Nc3 Nf6 6. Bc4 e6 7. Bg5 Be7 8. Bb3 h6 9. Be3 e5 10. Nf3 0-0 11. h3 Bd7 12. 0-0 Na5 13. Bd5 Nxd5 14. Nxd5 Nc4 15. b3 Nxe3 16. Nxe3 Be6 17. Nd5 Bxd5 18. exd5 Qc7 19. c4 Bf6 20. Rc1 Rac8 21. Rc2 Qc5 22. Re1 Rfe8 23. Rce2 Re7 24. Nd2 Bg5 25. Ne4 Qb6 26. Nxg5 hxg5 27. Re3 Rce8 28. Qg4 f6 29. h4 gxh4 30. Qxh4 Rf8 31. Qh5 Qd4 32. Re4 Qd2 33. R1e3 Qc1+ 34. Kh2 Qd2 35. Rh4 Qxf2 36. Rd3 e4 37. Rdh3 Re5 38. Qg6 Qxg2+ 39. Qxg2 Rg5 40. Qxe4 1-0